000 00466nam a2200145 a 4500
008 120416s0000 ||||||||||||||||| || u
020 _a0340234601
050 _aPS 3559.S8S8
100 _aIsrael, Peter
245 1 4 _aThe stiff upper lip
260 _aLondon
_bHodder & Stoughton
_c1978
300 _aiv, 187p.
350 _a0.00
995 _D0.00
_FCBU-MAIN LIBRARY (Kitwe)
_H1
_I9.00
_M1
_UAVAILABLE
_ZFiction Collection
999 _c58431
_d58431